000 00185 a2200097 4500
020 _a9781933032016
041 _aspa
100 _aKAREN LEVINE
245 _aLA MALETA DE HANA
942 _cBK
999 _c3927
_d3927